| LEADER 00000nam 2200000uu 4500 |
| 001 211857 |
| 003 ULIBM |
| 008 020711s2560 th a 000 0 tha d |
| 050 VCD000392
|
| 245 วีซีดีรวมกฎกระทรวง ประกาศกระทรวงศึกษาธิการ ประกาศ และมติคณะกรรมการการอุดมศึกษาที่เกี่ยวกับหลักเกณฑ์/แนวทาง และแนวปฏิบัติที่เกี่ยวข้อง สิงหาคม 2556 - กรกฎาคม 2560/^cโดย สำนักงานคณะกรรมการการอุดมศึกษา
|
| 260 กรุงเทพฯ :^bสำนักงานคณะกรรมการการอุดมศึกษา,^c2560
|
| 300 CD-ROM จำนวน 1 แผ่น หน้า
|
| 650 4 สถาบันอุดมศึกษา^xกฎหมายและระเบียบข้อบังคับ^zไทย
|
| 650 4 ^aการศึกษาขั้นอุดมศึกษา^xกฎหมายและระเบียบข้อบังคับ^zไทย
|
| 650 4 ^aหนังสืออิเล็กทรอนิกส์
|
| 700 0 ^aอักษร วัฒนสิน,^eผู้รวบรวม
|
| 700 0 ^aโสมระวี นักรบ,^eผู้รวบรวม
|
| 710 2 ^aสำนักงานคณะกรรมการการอุดมศึกษา
|
| 999 ^aใช้งานได้ทุกระบบ
|